[Event "BL 8081 Delmenhorst-Wilmersdorf"]
[Site "?"]
[Date "1980.??.??"]
[Round "?.1"]
[White "Lieb, H."]
[Black "Franke, R."]
[Result "1/2-1/2"]
[WhiteElo "2285"]
[BlackElo "2290"]
[PlyCount "100"]
[EventDate "1980.??.??"]

1. Nf3 c5 2. c4 g6 3. g3 Bg7 4. Bg2 Nc6 5. Nc3 e6 6. O-O Nge7 7. d3 d5 8. Bg5
d4 9. Ne4 h6 10. Bf6 Bxf6 11. Nxf6+ Kf8 12. Nd2 Kg7 13. Nde4 b6 14. a3 Bb7 15.
Qd2 a5 16. Qf4 Nf5 17. h4 Ra7 18. Bh3 Ba8 19. Rab1 Qc7 20. Qd2 Nd6 21. Nxd6
Qxd6 22. Ne4 Qe7 23. f4 f5 24. Nf2 Re8 25. Rbe1 Qf6 26. Bg2 Rae7 27. Bxc6 Bxc6
28. e4 dxe3 29. Rxe3 e5 30. fxe5 Rxe5 31. Rfe1 Rxe3 32. Rxe3 Qd4 33. Rxe8 Bxe8
34. Qc3 Qxc3 35. bxc3 Kf6 36. Nh3 g5 37. hxg5+ hxg5 38. Kf2 Bh5 39. Ke3 Bf7 40.
Nf2 Be6 41. Nd1 Bc8 42. Nb2 Bd7 43. d4 Be6 44. Na4 Bxc4 45. Nxb6 cxd4+ 46. Kxd4
Bf1 47. c4 Ke6 48. Nd5 Bg2 49. Ne3 Bc6 50. Nf1 Bg2 1/2-1/2

[Event "BL 8081 Delmenhorst-Wilmersdorf"]
[Site "?"]
[Date "1980.??.??"]
[Round "?.2"]
[White "Meyer, CD."]
[Black "Teschner, R."]
[Result "1-0"]
[WhiteElo "2250"]
[BlackElo "2415"]
[PlyCount "109"]
[EventDate "1980.??.??"]

1. e4 e5 2. Nf3 Nc6 3. Bb5 a6 4. Ba4 Nf6 5. O-O Be7 6. Re1 b5 7. Bb3 O-O 8. d4
d6 9. c3 Bg4 10. d5 Na5 11. Bc2 c5 12. h3 Bd7 13. Nxe5 dxe5 14. d6 Bc6 15. dxe7
Qxe7 16. Qf3 Nd7 17. Qg3 Rfe8 18. Nd2 Nb7 19. Nf3 f6 20. Nh4 Nd6 21. Bd2 Kh8
22. Rad1 Nf8 23. Be3 Ne6 24. Nf5 Nxf5 25. exf5 Nf8 26. f3 Rad8 27. Qf2 Rxd1 28.
Rxd1 Nd7 29. Qd2 Nb6 30. Qd6 Qxd6 31. Rxd6 Rc8 32. Bb3 c4 33. Bxb6 cxb3 34.
axb3 Kg8 35. Kf2 Be8 36. b4 Rc6 37. Rd8 Kf7 38. Rb8 Bd7 39. Rb7 Ke8 40. Bc5 g6
41. fxg6 hxg6 42. Ra7 g5 43. Ke3 Kd8 44. Ke4 Kc8 45. Kd5 Kd8 46. g4 Kc8 47. b3
Kd8 48. c4 Kc8 49. Bd6 Kd8 50. c5 Ke8 51. Ra8+ Rc8 52. Rxa6 Kf7 53. Ra7 Ke8 54.
Bc7 Ke7 55. c6 1-0

[Event "BL 8081 Delmenhorst-Wilmersdorf"]
[Site "?"]
[Date "1980.??.??"]
[Round "?.3"]
[White "Bilek, M."]
[Black "Juhnke, K."]
[Result "0-1"]
[WhiteElo "2225"]
[BlackElo "2305"]
[PlyCount "62"]
[EventDate "1980.??.??"]

1. d4 Nf6 2. Nf3 g6 3. c4 Bg7 4. Nc3 d6 5. e4 O-O 6. Be2 e5 7. dxe5 dxe5 8.
Qxd8 Rxd8 9. Bg5 Nbd7 10. O-O-O Rf8 11. Ne1 Nc5 12. f3 Ne6 13. Be3 c6 14. Nd3
Nd7 15. Rhe1 Re8 16. b4 Bf8 17. a3 a5 18. c5 Rb8 19. Na4 axb4 20. axb4 Ra8 21.
Nab2 Ra3 22. Kb1 b5 23. cxb6 Ba6 24. b7 Rb8 25. Rc1 Rxb7 26. Rxc6 Bxd3+ 27.
Bxd3 Bxb4 28. Re2 Nd4 29. Bxd4 exd4 30. Ra6 Nc5 31. Rxa3 Bxa3 0-1

[Event "BL 8081 Delmenhorst-Wilmersdorf"]
[Site "?"]
[Date "1980.??.??"]
[Round "?.4"]
[White "Dornieden, M."]
[Black "Jahr, U."]
[Result "1-0"]
[WhiteElo "2320"]
[BlackElo "2230"]
[PlyCount "99"]
[EventDate "1980.??.??"]

1. c4 f5 2. Nc3 Nf6 3. Nf3 g6 4. b3 Bg7 5. Bb2 O-O 6. g3 d6 7. d4 c6 8. Bg2 a5
9. O-O Na6 10. d5 Bd7 11. Na4 cxd5 12. cxd5 Bxa4 13. bxa4 Nc5 14. Rb1 Qd7 15.
Ng5 Nxa4 16. Ne6 Rfc8 17. Qb3 Rab8 18. Bd4 b5 19. Rbc1 Nb6 20. Bxb6 Rxb6 21.
Rxc8+ Qxc8 22. Qe3 Rb7 23. Rc1 Qd7 24. Qc3 h6 25. Qxa5 Ra7 26. Qb6 Kh7 27. h3
g5 28. Rc6 Rxa2 29. Rc7 Qe8 30. Qb7 Ng8 31. Rc8 Qh5 32. Qxb5 Qxe2 33. Qxe2 Rxe2
34. Kf1 Rd2 35. g4 Nf6 36. gxf5 Nh5 37. Bf3 Nf4 38. Nxf4 gxf4 39. Ke1 Rd3 40.
Ke2 Ra3 41. Re8 Ra2+ 42. Kf1 Bf6 43. Bh5 Ra3 44. Bg6+ Kg7 45. Kg2 Rd3 46. Rc8
Rxd5 47. Kf3 Rd4 48. Bh5 Ra4 49. Be8 Rb4 50. Bd7 {ZÜ} 1-0

[Event "BL 8081 Bochum-Porz"]
[Site "?"]
[Date "1980.??.??"]
[Round "?.2"]
[White "Budde, V."]
[Black "Hort, V."]
[Result "0-1"]
[WhiteElo "2285"]
[BlackElo "2575"]
[PlyCount "98"]
[EventDate "1980.??.??"]

1. Nf3 g6 2. d4 Nf6 3. c4 Bg7 4. Nc3 O-O 5. e3 d6 6. Be2 Nbd7 7. O-O e5 8. b4
Re8 9. a4 e4 10. Ne1 h5 11. Nc2 Nf8 12. b5 h4 13. f4 Bf5 14. a5 c5 15. d5 Qd7
16. Bb2 h3 17. g3 Bg4 18. a6 b6 19. Rb1 N8h7 20. Qd2 Bxe2 21. Qxe2 Ng4 22. Nd1
f5 23. Re1 Bxb2 24. Rxb2 Nhf6 25. Nf2 Qg7 26. Rb3 Qh8 27. Na3 Nxf2 28. Qxf2 Ng4
29. Qe2 g5 30. Nc2 gxf4 31. exf4 e3 32. Rc1 Re4 33. Ne1 Rae8 34. Nf3 Qf6 35.
Rb2 R8e7 36. Kf1 Rd4 37. Rb3 Ree4 38. Nxd4 cxd4 39. Ke1 Kg7 40. Rd3 Kh6 41. Kd1
Nf2+ 42. Kc2 Qf7 43. Re1 Qh5 44. Qf1 Qf3 45. Re2 Kh5 46. g4+ fxg4 47. Re1 Rxf4
48. Ra3 Qe4+ 49. Kb2 g3 0-1

[Event "BL 8081 Bochum-Porz"]
[Site "?"]
[Date "1980.??.??"]
[Round "?.3"]
[White "Sigurjonsson, G."]
[Black "Bachmann, K."]
[Result "1/2-1/2"]
[WhiteElo "2435"]
[BlackElo "2265"]
[PlyCount "80"]
[EventDate "1980.??.??"]

1. e4 c5 2. Nf3 e6 3. d4 cxd4 4. Nxd4 Nf6 5. Nc3 d6 6. Be3 Be7 7. f4 Nc6 8. Qf3
a6 9. O-O-O Qc7 10. g4 Nxd4 11. Rxd4 b5 12. g5 Nd7 13. h4 Nc5 14. h5 Bb7 15.
Bh3 Qc6 16. Rhd1 a5 17. a3 O-O 18. f5 b4 19. axb4 axb4 20. Rxb4 d5 21. exd5
exd5 22. Rxb7 Qxb7 23. Qxd5 Ra1+ 24. Nb1 Nb3+ 25. Qxb3 Qxb3 26. cxb3 Rc8+ 27.
Kd2 Rd8+ 28. Kc2 Rxd1 29. Kxd1 Rxb1+ 30. Kc2 Rh1 31. Bg4 Rh2+ 32. Kd3 Rxb2 33.
g6 Rxb3+ 34. Ke4 Rb4+ 35. Kf3 hxg6 36. hxg6 Rb3 37. Ke4 Bf6 38. Be2 fxg6 39.
Bc4+ Kf8 40. Bxb3 gxf5+ 1/2-1/2

[Event "BL 8081 Bochum-Porz"]
[Site "?"]
[Date "1980.??.??"]
[Round "?.4"]
[White "Wittmann, R."]
[Black "Schmidt, B."]
[Result "1-0"]
[WhiteElo "2320"]
[BlackElo "2375"]
[PlyCount "83"]
[EventDate "1980.??.??"]

1. e4 e6 2. d4 d5 3. Nd2 Nf6 4. e5 Nfd7 5. f4 b6 6. Ngf3 Ba6 7. c4 Bb7 8. Bd3
c5 9. f5 exf5 10. Bxf5 Be7 11. e6 fxe6 12. Bxe6 Nf8 13. Bf5 Ng6 14. O-O O-O 15.
Ne5 Nxe5 16. dxe5 dxc4 17. Qc2 Qd4+ 18. Kh1 g6 19. Be6+ Kh8 20. Rxf8+ Bxf8 21.
Nxc4 Be4 22. Qe2 Nc6 23. Bg5 Nxe5 24. Bf6+ Bg7 25. Rd1 Bd3 26. Bxg7+ Kxg7 27.
Qxe5+ Qxe5 28. Nxe5 Bc2 29. Re1 Rd8 30. Kg1 Kf6 31. Nf3 Ba4 32. Bc4 Rd6 33. h4
b5 34. Bg8 c4 35. b3 cxb3 36. axb3 Kg7 37. Be6 Kf6 38. Ng5 h6 39. Ne4+ Kxe6 40.
Nxd6+ Kxd6 41. bxa4 bxa4 42. Ra1 1-0

[Event "BL 8081 Bochum-Porz"]
[Site "?"]
[Date "1980.??.??"]
[Round "?.5"]
[White "Reefschlaeger, H."]
[Black "Ackermann, H."]
[Result "1/2-1/2"]
[WhiteElo "2400"]
[BlackElo "2275"]
[PlyCount "98"]
[EventDate "1980.??.??"]

1. d4 Nf6 2. Nf3 e6 3. Bg5 Be7 4. Nbd2 d5 5. e3 Nbd7 6. Bd3 c5 7. c3 b6 8. O-O
Bb7 9. Re1 O-O 10. Qb1 h6 11. Bh4 c4 12. Bc2 b5 13. Ne5 Nxe5 14. dxe5 Ng4 15.
Bg3 Bh4 16. f4 Bxg3 17. hxg3 Qb6 18. Nf3 Nxe3 19. Bh7+ Kh8 20. Nd4 Ng4 21. Bc2
h5 22. Qd1 g6 23. Qd2 Kg7 24. Bd1 Nh6 25. Kf1 Rfd8 26. Bc2 Bc8 27. a4 bxa4 28.
Rxa4 a5 29. Qe3 Qc7 30. Rea1 Bd7 31. R4a2 Rdb8 32. Bd1 Nf5 33. Nxf5+ exf5 34.
Bf3 Be6 35. Qe2 Rb3 36. Rd1 Rd8 37. Rd4 Qb6 38. Qd2 Rb5 39. Qf2 Rb8 40. Rd2
Qxf2+ 41. Kxf2 Kf8 42. Ke3 Ke7 43. Bd1 Kd8 44. Ba4 R5b6 45. Kd4 Kc7 46. Kc5
R8b7 47. Kd4 Rb8 48. Kc5 R8b7 49. Kd4 Rb8 1/2-1/2

[Event "BL 8081 Bochum-Porz"]
[Site "?"]
[Date "1980.??.??"]
[Round "?.6"]
[White "Paulsen, D."]
[Black "Troeger, P."]
[Result "1/2-1/2"]
[WhiteElo "2240"]
[BlackElo "2330"]
[PlyCount "62"]
[EventDate "1980.??.??"]

1. e4 e6 2. d4 d5 3. Nd2 dxe4 4. Nxe4 b6 5. Nf3 Bb7 6. Bb5+ c6 7. Bd3 Nf6 8.
Qe2 Nxe4 9. Bxe4 Qc7 10. Bg5 Nd7 11. O-O-O f6 12. Bh4 O-O-O 13. Bd3 Re8 14.
Rhe1 Bd6 15. Bg3 Kb8 16. Qd2 g5 17. Bc4 Bxg3 18. hxg3 Qd6 19. Re3 b5 20. Bb3
Nb6 21. Qa5 Re7 22. Nd2 f5 23. Rd3 e5 24. dxe5 Qxe5 25. Nf3 Qg7 26. Nd4 Qf6 27.
Qb4 Rhe8 28. Nf3 Re2 29. Rd6 Qe7 30. Qd4 Rc8 31. Qf6 Qxf6 1/2-1/2

[Event "BL 8081 Bamberg-Bayern"]
[Site "?"]
[Date "1980.??.??"]
[Round "?.1"]
[White "Westermeier, A."]
[Black "Podzielny, K."]
[Result "1-0"]
[WhiteElo "2305"]
[BlackElo "2385"]
[PlyCount "81"]
[EventDate "1980.??.??"]

1. e4 c5 2. Nf3 d6 3. d4 cxd4 4. Nxd4 Nf6 5. Nc3 a6 6. Bg5 e6 7. Qf3 Nbd7 8.
O-O-O Qc7 9. Qg3 b5 10. Bxb5 axb5 11. Ndxb5 Qb8 12. Nxd6+ Bxd6 13. Qxd6 Qxd6
14. Rxd6 O-O 15. f3 Ba6 16. Rhd1 Ne5 17. b3 Rfc8 18. Bxf6 gxf6 19. Na4 Rc7 20.
Rd8+ Rxd8 21. Rxd8+ Kg7 22. Kb2 Bf1 23. Rd2 h5 24. Rd1 Be2 25. Rd2 Ba6 26. Rd6
Bb7 27. Nc3 h4 28. h3 Ng6 29. Nd1 Nf4 30. Ne3 Rc5 31. b4 Rg5 32. a4 Nxg2 33.
Nxg2 Rxg2 34. a5 f5 35. a6 Ba8 36. Rd8 fxe4 37. Rxa8 exf3 38. a7 Kf6 39. Rd8 f2
40. Rd1 Rg8 41. b5 1-0

[Event "BL 8081 Bamberg-Bayern"]
[Site "?"]
[Date "1980.??.??"]
[Round "?.2"]
[White "Kestler, H."]
[Black "Saacke, B."]
[Result "1-0"]
[WhiteElo "2385"]
[BlackElo "2355"]
[PlyCount "139"]
[EventDate "1980.??.??"]

1. c4 e6 2. Nf3 d5 3. g3 Nf6 4. Bg2 Be7 5. O-O O-O 6. d4 Nbd7 7. Nbd2 b6 8. Ne5
Bb7 9. cxd5 exd5 10. Ndf3 c5 11. Be3 Nxe5 12. Nxe5 Bd6 13. Nc4 Be7 14. Ne5 Bd6
15. Nc4 Be7 16. dxc5 bxc5 17. Qa4 Qe8 18. Qa3 Qb5 19. Na5 Ba6 20. Nb3 Rac8 21.
Rfc1 Qb6 22. Nxc5 Bxe2 23. b4 Rfd8 24. Bd4 Bc4 25. Qc3 Qc7 26. a3 a5 27. Re1
Ra8 28. Qe3 Kf8 29. Rac1 axb4 30. axb4 Ng4 31. Bxg7+ Kxg7 32. Qxe7 Qxe7 33.
Rxe7 Ra2 34. Nb7 Rda8 35. Na5 Rc8 36. Nxc4 Rxc4 37. Rxf7+ Kg6 38. Rc7 Rxc7 39.
Rxc7 Ra1+ 40. Bf1 Nxh2 41. Kxh2 Rxf1 42. Kg2 Rb1 43. Rd7 Rxb4 44. Rd6+ Kf7 45.
Rxd5 Kf6 46. Rd6+ Kg7 47. Kh3 Rc4 48. f4 Rc5 49. Kg4 Rc4 50. Kg5 Rc3 51. g4 Rc7
52. f5 Rb7 53. Kh5 Ra7 54. g5 Ra1 55. f6+ Kf7 56. Rd7+ Kg8 57. Rg7+ Kh8 58. g6
Rh1+ 59. Kg5 Rg1+ 60. Kf5 hxg6+ 61. Ke6 Re1+ 62. Kf7 Rg1 63. Kf8 g5 64. f7 g4
65. Rg8+ Kh7 66. Ke7 Re1+ 67. Kd6 Rf1 68. f8=Q Rxf8 69. Rxf8 Kg6 70. Ke5 1-0

[Event "BL 8081 Bamberg-Bayern"]
[Site "?"]
[Date "1980.??.??"]
[Round "?.3"]
[White "Klundt, K."]
[Black "Treppner, G."]
[Result "1-0"]
[WhiteElo "2405"]
[BlackElo "2280"]
[PlyCount "37"]
[EventDate "1980.??.??"]

1. e4 e5 2. Nf3 Nf6 3. Nxe5 d6 4. Nc4 Nxe4 5. Qe2 Qe7 6. d3 Nc5 7. Nc3 Bg4 8.
f3 Qxe2+ 9. Bxe2 Be6 10. d4 Nca6 11. d5 Bf5 12. Bf4 Bxc2 13. Kd2 Bf5 14. Rhe1
Kd8 15. Rac1 Nd7 16. Na5 Nac5 17. a3 b6 18. Nc6+ Kc8 19. Nd4 1-0

[Event "BL 8081 Bamberg-Bayern"]
[Site "?"]
[Date "1980.??.??"]
[Round "?.4"]
[White "Hartmann, Wo"]
[Black "Kindermann, S."]
[Result "1-0"]
[WhiteElo "2240"]
[BlackElo "2455"]
[PlyCount "53"]
[EventDate "1980.??.??"]

1. e4 d6 2. d4 Nf6 3. Nc3 g6 4. f4 Bg7 5. Nf3 c5 6. Bb5+ Bd7 7. e5 Ng4 8. Bxd7+
Qxd7 9. d5 dxe5 10. h3 e4 11. hxg4 exf3 12. Qxf3 Na6 13. Bd2 Nb4 14. O-O-O
O-O-O 15. Ne4 Nxa2+ 16. Kb1 Qb5 17. Qa3 Nb4 18. Nxc5 Nxc2 19. Kxc2 Rxd5 20. Be3
Qe2+ 21. Rd2 Rxd2+ 22. Bxd2 Qxg2 23. Qxa7 Rd8 24. Rd1 Rd4 25. Qa5 Kb8 26. Qb6
Qe2 27. Qxb7# 1-0

[Event "BL 8081 Frankfurt-Hofheim"]
[Site "?"]
[Date "1980.??.??"]
[Round "?.2"]
[White "Hess, R."]
[Black "Huisl, W."]
[Result "1/2-1/2"]
[WhiteElo "2425"]
[BlackElo "2350"]
[PlyCount "78"]
[EventDate "1980.??.??"]

1. e4 e5 2. Nf3 Nf6 3. Nc3 Nc6 4. Bb5 Bb4 5. O-O Bxc3 6. bxc3 O-O 7. Re1 d6 8.
d4 Qe7 9. a4 Rd8 10. Ba3 Bg4 11. h3 Bxf3 12. Qxf3 a6 13. Bd3 exd4 14. cxd4 Nxd4
15. Qg3 Qe5 16. f4 Nh5 17. fxe5 Nxg3 18. exd6 cxd6 19. Rab1 Rd7 20. Rb6 f5 21.
c3 fxe4 22. Rxd6 Rxd6 23. Bc4+ Kh8 24. Bxd6 Ndf5 25. Bxg3 Nxg3 26. Bd5 Rc8 27.
c4 h5 28. h4 g6 29. Kh2 Nf5 30. Rxe4 Rc7 31. Kh3 Kg7 32. Re6 Ne7 33. Kg3 Nxd5
34. cxd5 Rc4 35. a5 Rc5 36. Rd6 Rxa5 37. Kf4 Ra2 38. Rd7+ Kf6 39. Rxb7 Ra4+
1/2-1/2

[Event "BL 8081 Frankfurt-Hofheim"]
[Site "?"]
[Date "1980.??.??"]
[Round "?.3"]
[White "Berry, S."]
[Black "Staller, P."]
[Result "0-1"]
[WhiteElo "2245"]
[BlackElo "2355"]
[PlyCount "100"]
[EventDate "1980.??.??"]

1. e4 c5 2. Nf3 e6 3. Nc3 a6 4. d4 cxd4 5. Nxd4 Qc7 6. Bd3 Nc6 7. Be3 Nf6 8.
O-O Bd6 9. Kh1 Bf4 10. Bxf4 Qxf4 11. Nxc6 dxc6 12. g3 Qc7 13. f4 e5 14. f5 Bd7
15. Qe2 Rc8 16. a4 c5 17. Bc4 Bc6 18. Rad1 h6 19. g4 Rd8 20. Rxd8+ Qxd8 21. Rd1
Qc7 22. Kg2 O-O 23. h4 Rd8 24. Bd5 Bxd5 25. exd5 Qb6 26. g5 Ne8 27. Qxe5 Qxb2
28. gxh6 Qxc2+ 29. Kh1 Qf2 30. Rg1 Qxh4+ 31. Qh2 Qxh2+ 32. Kxh2 Rd6 33. hxg7
Rh6+ 34. Kg3 Nd6 35. Kf4 Rh5 36. Ke5 Nxf5 37. Kf6 Ne3 38. d6 Rh6+ 39. Ke5 Nc4+
40. Kd5 Nxd6 41. Kxc5 Nf5 42. Nd5 Nxg7 43. Rb1 Ne6+ 44. Kd6 Nf4+ 45. Ke5 Nxd5
46. Kxd5 b6 47. Rc1 Rh4 48. Kc6 Rxa4 49. Kxb6 Kg7 50. Rg1+ Kf6 0-1

[Event "BL 8081 Solingen-Katernberg"]
[Site "?"]
[Date "1980.??.??"]
[Round "?.2"]
[White "Kavalek, L."]
[Black "Rosen, W."]
[Result "1-0"]
[WhiteElo "2550"]
[BlackElo "2310"]
[PlyCount "91"]
[EventDate "1980.??.??"]

1. c4 c5 2. Nf3 Nf6 3. Nc3 Nc6 4. e3 e6 5. d4 cxd4 6. exd4 d5 7. cxd5 Nxd5 8.
Bd3 Be7 9. O-O O-O 10. Re1 Bf6 11. Be4 Nce7 12. Qd3 h6 13. Ne5 Nxc3 14. Qxc3
Nd5 15. Qg3 Bh4 16. Qh3 Bg5 17. Bxg5 Qxg5 18. Bxd5 exd5 19. Qb3 Be6 20. Nf3 Qf4
21. g3 Qf6 22. Rac1 Rac8 23. Ne5 h5 24. h4 Qh6 25. Rxc8 Rxc8 26. Qxb7 Rc2 27.
Qb8+ Rc8 28. Qb3 Rc1 29. Qb4 Rxe1+ 30. Qxe1 Qh7 31. Nf3 Qd3 32. Ng5 Qxd4 33.
Nxe6 fxe6 34. Qxe6+ Kh7 35. Qf5+ g6 36. Qf7+ Kh8 37. Qxg6 Qd1+ 38. Kg2 d4 39.
Qf6+ Kg8 40. Qf3 Qd2 41. Qd5+ Kf8 42. Qf5+ Ke8 43. Qxh5+ Kd7 44. Qd5+ Kc7 45.
h5 d3 46. h6 1-0

[Event "BL 8081 Solingen-Katernberg"]
[Site "?"]
[Date "1980.??.??"]
[Round "?.6"]
[White "Friehoff, H."]
[Black "Rupp, C."]
[Result "1-0"]
[WhiteElo "2240"]
[BlackElo "2260"]
[PlyCount "67"]
[EventDate "1980.??.??"]

1. d4 Nf6 2. Nf3 g6 3. Nbd2 d5 4. g3 Bg7 5. Bg2 O-O 6. O-O c5 7. c3 Nc6 8. dxc5
a5 9. Nd4 e5 10. Nxc6 bxc6 11. b4 Ba6 12. Nb3 a4 13. Na5 Qc7 14. Qxa4 Bxe2 15.
Re1 Bb5 16. Qc2 Nd7 17. c4 Rxa5 18. cxb5 Rxb5 19. Rb1 e4 20. a4 Rbb8 21. Ba3
Ne5 22. b5 cxb5 23. axb5 Nd3 24. Red1 Qa5 25. Rxd3 exd3 26. Qxd3 Bc3 27. Rb3 d4
28. Bd5 Qd8 29. Qf3 Kh8 30. c6 Re8 31. Bxf7 Re1+ 32. Kg2 d3 33. Rxc3 d2 34. Rd3
1-0

[Event "BL 8081 Solingen-Katernberg"]
[Site "?"]
[Date "1980.??.??"]
[Round "?.7"]
[White "Waagener, U."]
[Black "Lau, R."]
[Result "0-1"]
[WhiteElo "2275"]
[BlackElo "2405"]
[PlyCount "84"]
[EventDate "1980.??.??"]

1. e4 c5 2. Nf3 d6 3. Nc3 Nf6 4. e5 dxe5 5. Nxe5 a6 6. a4 e6 7. Qf3 Bd6 8. Nc4
Bc7 9. Ne4 Nxe4 10. Qxe4 Nc6 11. c3 Rb8 12. Bd3 f5 13. Qe2 O-O 14. Bc2 e5 15.
O-O Kh8 16. b3 b6 17. Ne3 g6 18. f3 Bb7 19. Bb2 Qd7 20. Rad1 Rbd8 21. Qc4 Qf7
22. Qh4 Rd7 23. Qh6 Rfd8 24. Rf2 b5 25. axb5 axb5 26. h4 Qg7 27. Qxg7+ Kxg7 28.
h5 Kf7 29. g4 f4 30. hxg6+ hxg6 31. Ng2 c4 32. bxc4 bxc4 33. d4 cxd3 34. Bb3+
Kf6 35. c4 Nd4 36. Rxd3 Ne2+ 37. Rxe2 Rxd3 38. g5+ Kxg5 39. Bxe5 Bxf3 40. Bxc7
Bxe2 41. Nxf4 Rxb3 42. Ne6+ Kf5 0-1

[Event "BL 8081 HSK-FH Hamburg"]
[Site "?"]
[Date "1980.??.??"]
[Round "?.1"]
[White "Wockenfuss, K."]
[Black "Chandler, M."]
[Result "0-1"]
[WhiteElo "2380"]
[BlackElo "2455"]
[PlyCount "80"]
[EventDate "1980.??.??"]

1. e4 d6 2. d4 Nf6 3. Nc3 g6 4. f4 Bg7 5. Nf3 O-O 6. Bd3 Na6 7. O-O c5 8. d5
Rb8 9. Qe1 Nb4 10. Qh4 b5 11. a3 Nxd3 12. cxd3 e6 13. dxe6 fxe6 14. Be3 a5 15.
Ng5 h6 16. Nf3 b4 17. axb4 axb4 18. Nd1 Nh5 19. Qg4 Nxf4 20. Bxf4 e5 21. Qxg6
exf4 22. Nf2 Qf6 23. Qh5 Qf7 24. Qh4 Bxb2 25. Ng4 Bxg4 26. Qxg4+ Qg7 27. Qe6+
Kh8 28. Rab1 Rf6 29. Qd5 Bc3 30. Rf2 Qf7 31. Qc6 b3 32. e5 Bxe5 33. Nxe5 dxe5
34. Qxc5 Qe6 35. Re2 Rf5 36. Reb2 Rg5 37. h4 Rg7 38. Re1 Re8 39. Qc3 f3 40. Re3
Qh3 0-1

[Event "BL 8081 HSK-FH Hamburg"]
[Site "?"]
[Date "1980.??.??"]
[Round "?.2"]
[White "Kunsztowicz, U."]
[Black "Rosin, W."]
[Result "0-1"]
[WhiteElo "2460"]
[BlackElo "2265"]
[PlyCount "88"]
[EventDate "1980.??.??"]

1. d4 Nf6 2. g3 d5 3. Bg2 e6 4. Nf3 Bd6 5. O-O O-O 6. c4 c6 7. b3 Nbd7 8. Bb2
Ne4 9. Nc3 f5 10. Qc2 Qf6 11. e3 Qh6 12. Ne2 Ndf6 13. Ne5 Bd7 14. Nf4 g5 15.
Nfd3 g4 16. Nc5 Bxc5 17. dxc5 Be8 18. b4 Qg5 19. a4 h5 20. b5 h4 21. cxd5 exd5
22. bxc6 bxc6 23. Bd4 Rc8 24. Rab1 Rc7 25. Rb8 Rh7 26. Rfb1 hxg3 27. fxg3 Qh6
28. Bxe4 Nxe4 29. R1b7 Ng5 30. Rxh7 Qxh7 31. Qb2 Nh3+ 32. Kg2 f4 33. Qb1 f3+
34. Kf1 Qh5 35. Rb7 Ng5 36. Nxg4 Qh3+ 37. Ke1 f2+ 38. Nxf2 Rxf2 39. Kxf2 Qxh2+
40. Kf1 Qh1+ 41. Ke2 Qg2+ 42. Kd1 Qf1+ 43. Kd2 Ne4+ 44. Kc2 Qe2+ 0-1

[Event "BL 8081 HSK-FH Hamburg"]
[Site "?"]
[Date "1980.??.??"]
[Round "?.3"]
[White "Clemens, C."]
[Black "Cordes, H."]
[Result "0-1"]
[WhiteElo "2390"]
[BlackElo "2245"]
[PlyCount "99"]
[EventDate "1980.??.??"]

1. g3 Nf6 2. Bg2 d5 3. Nf3 e6 4. d4 Be7 5. O-O O-O 6. c4 dxc4 7. Qc2 a6 8. a4
Bd7 9. Ne5 Bc6 10. Nxc6 Nxc6 11. Bxc6 bxc6 12. Rd1 Qd5 13. Na3 c5 14. dxc5 Qh5
15. f3 Qxc5+ 16. Kg2 c3 17. Qxc3 Qxc3 18. bxc3 Nd5 19. Rd3 Bf6 20. Bd2 Rfd8 21.
Rd1 Nb6 22. a5 Na4 23. Be1 Kf8 24. Nc2 Rdb8 25. Ra1 Nc5 26. Re3 Rb2 27. Nd4 Rd8
28. Kf1 Rd6 29. f4 Rd5 30. Rf3 Ne4 31. Re3 Nd6 32. Rd3 Nc4 33. e4 Rxa5 34. Rxa5
Nxa5 35. e5 Be7 36. f5 c5 37. fxe6 cxd4 38. cxd4 Rb3 39. Rd1 Nc4 40. Rc1 Ne3+
41. Ke2 fxe6 42. Rc6 Kf7 43. Rxa6 Nd5 44. Ra7 Rb2+ 45. Bd2 Kg6 46. Ra6 Bb4 47.
Rxe6+ Kf7 48. Ra6 Rxd2+ 49. Kf3 Rxd4 50. e6+ 0-1

[Event "BL 8081 HSK-FH Hamburg"]
[Site "?"]
[Date "1980.??.??"]
[Round "?.4"]
[White "Pokern, N."]
[Black "Fries Nielsen, J."]
[Result "1/2-1/2"]
[WhiteElo "2270"]
[BlackElo "2320"]
[PlyCount "41"]
[EventDate "1980.??.??"]

1. d4 Nf6 2. c4 e6 3. Nf3 d5 4. e3 b6 5. Nbd2 Bb7 6. Bd3 Bd6 7. Qc2 Nbd7 8. O-O
O-O 9. e4 dxe4 10. Nxe4 Nxe4 11. Bxe4 Bxe4 12. Qxe4 c5 13. Bg5 Qc7 14. Rad1
Rfe8 15. Rfe1 h6 16. Bh4 Rac8 17. b3 Nf8 18. Bg3 Bxg3 19. hxg3 Nd7 20. Ne5 Nxe5
21. Qxe5 1/2-1/2

[Event "BL 8081 HSK-FH Hamburg"]
[Site "?"]
[Date "1980.??.??"]
[Round "?.5"]
[White "Cording, H."]
[Black "Jacoby, G."]
[Result "1/2-1/2"]
[WhiteElo "2340"]
[BlackElo "2245"]
[PlyCount "28"]
[EventDate "1980.??.??"]

1. d4 d5 2. Nf3 Nf6 3. c4 dxc4 4. e3 e6 5. Bxc4 c5 6. O-O a6 7. a4 Nc6 8. Qe2
cxd4 9. Rd1 Be7 10. exd4 O-O 11. Nc3 Nd5 12. Qe4 Nf6 13. Qe2 Nd5 14. Qe4 Nf6
1/2-1/2

[Event "BL 8081 HSK-FH Hamburg"]
[Site "?"]
[Date "1980.??.??"]
[Round "?.6"]
[White "Gruenberg, Ra"]
[Black "Muender, M."]
[Result "1/2-1/2"]
[WhiteElo "2260"]
[BlackElo "2385"]
[PlyCount "107"]
[EventDate "1980.??.??"]

1. c4 Nf6 2. Nc3 g6 3. d4 Bg7 4. Nf3 d6 5. e4 O-O 6. Be2 e5 7. dxe5 dxe5 8.
Qxd8 Rxd8 9. Bg5 Re8 10. Nd5 Nxd5 11. cxd5 c6 12. Bc4 cxd5 13. Bxd5 Nc6 14. Rc1
Be6 15. O-O Rac8 16. Bxe6 Rxe6 17. Rfd1 f6 18. Be3 Re7 19. Bxa7 Bh6 20. Rc3 Ra8
21. Bc5 Rf7 22. a3 f5 23. Be3 fxe4 24. Bxh6 exf3 25. Rxf3 Rxf3 26. gxf3 Nd4 27.
Kg2 Kf7 28. Be3 Ke6 29. f4 Nc6 30. Rd3 Rf8 31. fxe5 Nxe5 32. Rc3 Rf7 33. a4 Kd5
34. b4 Nc4 35. Rd3+ Ke5 36. Rd4 Nxe3+ 37. fxe3 g5 38. a5 h5 39. b5 Rc7 40. Kg3
Rc3 41. Rb4 Rxe3+ 42. Kf2 Rc3 43. b6 Ra3 44. Rb5+ Kf4 45. Rb4+ Kf5 46. Rb5+ Kg4
47. Kg2 Ra2+ 48. Kg1 Kh4 49. Rb4+ Kh3 50. Rb3+ Kg4 51. Rb4+ Kf5 52. Rb5+ Kf6
53. Rc5 g4 54. Rc6+ 1/2-1/2

[Event "BL 8081 HSK-FH Hamburg"]
[Site "?"]
[Date "1980.??.??"]
[Round "?.7"]
[White "Mueller, Ge"]
[Black "Zieher, H."]
[Result "1-0"]
[WhiteElo "2325"]
[BlackElo "2230"]
[PlyCount "63"]
[EventDate "1980.??.??"]

1. g3 g6 2. Bg2 Bg7 3. Nf3 e5 4. O-O Ne7 5. c4 c5 6. Nc3 O-O 7. Ne1 Nbc6 8. Nc2
d6 9. a3 Be6 10. Ne3 Qd7 11. Rb1 Bh3 12. b4 Bxg2 13. Kxg2 cxb4 14. axb4 Nd4 15.
Ned5 b5 16. Nxe7+ Qxe7 17. e3 Qb7+ 18. f3 Nf5 19. Nxb5 d5 20. Na3 dxc4 21. Nxc4
e4 22. Na5 Qe7 23. Qb3 Rac8 24. Qd5 Rc2 25. Kh1 exf3 26. Qxf3 Rfc8 27. b5 Nd6
28. Nc6 Qb7 29. Ba3 Rxd2 30. Rbd1 Rxd1 31. Rxd1 Bf8 32. Bxd6 1-0

[Event "BL 8081 Delmenhorst-HSK"]
[Site "?"]
[Date "1980.??.??"]
[Round "?.1"]
[White "Chandler, M."]
[Black "Franke, R."]
[Result "1-0"]
[WhiteElo "2455"]
[BlackElo "2290"]
[PlyCount "79"]
[EventDate "1980.??.??"]

1. d4 c5 2. d5 d6 3. c4 g6 4. Nc3 Bg7 5. e4 Nf6 6. f3 O-O 7. Bg5 e6 8. Qd2 exd5
9. cxd5 Re8 10. Nge2 a6 11. a4 Nbd7 12. Ng3 Qa5 13. Ra3 Rb8 14. Be2 Qc7 15. O-O
b6 16. Be3 Bb7 17. f4 Rbc8 18. h3 Rf8 19. Bc4 Rce8 20. Qd3 Qc8 21. Raa1 Qa8 22.
Rae1 Kh8 23. Qd2 Kg8 24. b3 Qb8 25. e5 dxe5 26. f5 e4 27. Bf4 e3 28. Rxe3 Qa8
29. fxg6 fxg6 30. Re6 Kh8 31. Bd6 Rg8 32. Be7 b5 33. axb5 axb5 34. Nxb5 Nxd5
35. Nd6 Bd4+ 36. Kh2 Rg7 37. Nxe8 Qxe8 38. Bxc5 Qxe6 39. Bxd4 Ne5 40. Re1 1-0

[Event "BL 8081 Delmenhorst-HSK"]
[Site "?"]
[Date "1980.??.??"]
[Round "?.2"]
[White "Meyer, CD."]
[Black "Kunsztowicz, U."]
[Result "1/2-1/2"]
[WhiteElo "2250"]
[BlackElo "2460"]
[PlyCount "108"]
[EventDate "1980.??.??"]

1. e4 c5 2. Nf3 d6 3. Bb5+ Bd7 4. Bxd7+ Qxd7 5. c4 Nc6 6. O-O g6 7. d4 cxd4 8.
Nxd4 Bg7 9. Be3 Nf6 10. f3 O-O 11. Nc3 Rfc8 12. b3 Qd8 13. Qd2 Qa5 14. Rac1 a6
15. Nxc6 Rxc6 16. Nd5 Qxd2 17. Bxd2 Nxd5 18. cxd5 Bd4+ 19. Kh1 Rcc8 20. Rxc8+
Rxc8 21. Rc1 Rxc1+ 22. Bxc1 Kf8 23. g4 Ke8 24. Kg2 Kd7 25. Kf1 Be5 26. f4 Bd4
27. Ke2 Bg1 28. h3 Bd4 29. Kd3 Bc5 30. Bb2 f6 31. a4 Bb4 32. Bd4 Be1 33. Be3
Kc7 34. Kc4 Kd7 35. b4 Kc7 36. b5 Kd7 37. bxa6 bxa6 38. Kd3 Ba5 39. Bd4 Be1 40.
e5 dxe5 41. fxe5 fxe5 42. Bxe5 Ba5 43. Kc4 Bb6 44. Kd3 Ba5 45. Ke4 Bd2 46. Bd4
Bg5 47. Bc5 Bd2 48. Bf2 Bg5 49. Kd4 Bf4 50. Kc5 Bc7 51. Be1 Bd8 52. Bg3 Ba5 53.
Bb8 Bd8 54. Bf4 Ba5 1/2-1/2